000 00747cam a2200253 4500
008 090401t1991 xxu||||| |||| 00| 0 eng d
020 _a0854064958
035 _a(Sirsi) u53179
041 _aeng
050 _a692.5023
090 _aRICS 1991/22ABCDEFG
110 _aDavis Langdon and Everest
_91155
245 _aQuantity surveying 2000: the future role of the chartered quantity surveyor.
260 _aLondon
_bRICS
_c1991
300 _av,55p. ; 30cm.
350 _a12.5
520 _aCover title: QS 2000.
650 _aCLIENTS REQUIREMENTS
650 _aQS 2000
650 _aQUANTITY SURVEYORS
710 _aRoyal Institution of Chartered Surveyors
_bQuantity Surveyors' Division
_91263
942 _n0
948 _c04/03/1997
999 _c93232
_d93232